000 00498cam a2200205ua 4500
001 8836
005 20260515114402.0
008 150216n ii |||gr||||Z||||||asm
020 _a817339220X
040 _cMAIN
041 _aasm
082 _a891.451
100 _aMahanta, K.,
_eAuthor.
245 1 _aKalidasar sahitya
_cBy Keshada Mahanata
250 _a1st.
260 _aDibrugarh:
_bBanalata,
_c1999.
300 _a152p.
653 _aEast Indo-European & Celtic literatures
942 _cBK
999 _c7924
_d7924